000 00463ntaaa2200193 4500
003 01
005 20251027202547.0
008 0714s1973 ag 01
040 _aAR-BaBN
_bspa
_cAR-BaBN
_eaacr
_dRIC
082 _a301.4240 H47
100 _aHettlinger, Richard F.
_924670
245 _aLiving with sex
250 _a1 ed.
260 _aLondon :
_bSCM Press,
_cc1966, 1967
300 _a192 p
500 _aLa juventud y el sexo
650 _asexo
942 _cBK
999 _c20658
_d20658